000 00846nam a2200253Ia 4500
003 OSt
005 20220923225102.0
006 a|||||r|||| 00| 0
007 ta
008 220922b |||||||| |||| 00| 0 hin d
024 _a256,892
037 _cTextual
040 _aARTS
_cARTS
_bhin
041 _2hin
_ahin
082 _aR191, 152N0
100 _aशुक्ल, जगन्नाथप्रसाद
245 0 _aपरिभाषा प्रबन्ध
246 _aParibhāṣhā prabandha
260 _aवाराणसी
_b चौखम्भा संस्कृत संस्थान
_c1990
300 _a208पृ.
_ccm.
650 _aधर्मशास्त्र
942 _hR191, 152N0
_cTEXL
_2CC
999 _c375937
_d375937